Top NHL Video Game Players By Rating - Statistics

General Stats
  • This quiz has been taken 242 times
  • The average score is 30 of 50
Answer Stats
Rating Player % Correct
93 Sidney Crosby
95%
95 Sidney Crosby
95%
96 Sidney Crosby
95%
96 Sidney Crosby
95%
95 Sidney Crosby
95%
93 Connor McDavid
90%
92 Alex Ovechkin
89%
94 Alex Ovechkin
89%
93 Alex Ovechkin
89%
93 Alex Ovechkin
89%
94 Alex Ovechkin
89%
91 Patrick Kane
78%
94 Patrick Kane
78%
91 Steven Stamkos
74%
94 Steven Stamkos
74%
93 Steven Stamkos
74%
93 Steven Stamkos
74%
92 Steven Stamkos
74%
92 Evgeni Malkin
72%
92 Evgeni Malkin
71%
94 Jonathan Toews
69%
94 Jonathan Toews
69%
93 Jonathan Toews
69%
92 Jonathan Toews
68%
92 Carey Price
65%
93 Carey Price
65%
94 Carey Price
65%
91 Erik Karlsson
48%
91 Drew Doughty
45%
94 Drew Doughty
45%
93 Drew Doughty
45%
94 Shea Weber
45%
94 Shea Weber
45%
93 Shea Weber
45%
92 Shea Weber
45%
90 John Tavares
44%
94 Jamie Benn
41%
93 Henrik Lundqvist
40%
94 Zdeno Chara
40%
93 Anze Kopitar
39%
93 Duncan Keith
39%
93 Henrik Lundqvist
39%
93 Pavel Datsyuk
37%
93 Jonathan Quick
34%
91 Jonathan Quick
34%
92 Ryan Getzlaf
33%
92 Corey Perry
31%
93 Pavel Datsyuk
27%
95 Pavel Datsyuk
27%
92 Ryan Suter
18%
No matching quizzes found
Score Distribution
Percent of People with Each Score
Percentile by Number Answered
Your Score History
You have not taken this quiz